000
00276nam a2200109Ia 4500
008
201224s9999 xx 000 0 und d
100
_a
Hale, John
245
0
_a
(The) Civilization of Euirope in the renaissance
260
_a
London
_b
Harper Collins
300
_a
648
942
_c
BK
999
_c
9048
_d
9048